00352nam a2200157Ia 4500008004000000041000800040082001100048100002200059245003900081260001900120650001600139650001100155650001100166650000900177650000800186210210b1950 xxu||||| |||| 00| 0 eng d aeng a335/65 aCHANDRASEKHAR (S) aIndias population: fact and policy aIndiab-c1950 apopulation: apolicy aIndias afact aand